000 00562nam a2200181Ia 4500
003 GCL
008 140319s9999 xx 000 0 ara d
040 _aGCL /
_cGCL
082 0 4 _a541.3722
_bا ه
100 1 _aابراهيم سالم منصور
245 1 0 _aهندسة التاكل والطوق الفنية فى التصدى له! /
_cابراهيم سالم منصور
260 _a[S.N] :
_bدار الراتب الجامعية
300 _a314 ص
490 _a
650 0 4 _aالهندسة
650 0 4 _aهندسة التاكل
942 _2ddc
_cBK
999 _c35866
_d35866